SCANP scandinavian periodicals index in economics and business 1982

Gespeichert in:
Bibliographische Detailangaben
Format: Buch
Sprache:Englisch
Veröffentlicht: Helsinki School of Economic Library and Computing Centre 1982
Tags: Tag hinzufügen
Keine Tags, Fügen Sie das erste Tag hinzu!

MARC

LEADER 00000nam a2200000 4500
001 c131223
005 20221220100000.6
041 0 |a eng 
044 |a FI 
245 1 0 |a SCANP  |b scandinavian periodicals index in economics and business 1982 
264 1 |a Helsinki  |b School of Economic Library and Computing Centre  |c 1982 
300 |a 121 s.